export_success — 

Lancelot IV : Nach der Kölner Papierhandschrift W. F° 46* Blankenheim und der Heidelberger Pergamenthandschrift Pal. Germ. 147.

Bibliographic Details
Main Author: Steinhoff, Hans-Hugo.
Other Authors: Wegge, Klaudia.
Format: eBook
Language:German
Published: Basel/Berlin/Boston : Walter de Gruyter GmbH, 1999.
Edition:1st ed.
Series:Deutsche Texte des Mittelalters Series
Subjects:
Online Access:Click to View
LEADER 01609nam a22003613i 4500
001 EBC31281586
003 MiAaPQ
005 20240729202206.0
006 m o d |
007 cr cnu||||||||
008 240729s1999 xx o ||||0 ger d
020 |a 9783050074696  |q (electronic bk.) 
035 |a (MiAaPQ)EBC31281586 
035 |a (Au-PeEL)EBL31281586 
040 |a MiAaPQ  |b eng  |e rda  |e pn  |c MiAaPQ  |d MiAaPQ 
100 1 |a Steinhoff, Hans-Hugo. 
245 1 0 |a Lancelot IV :  |b Nach der Kölner Papierhandschrift W. F° 46* Blankenheim und der Heidelberger Pergamenthandschrift Pal. Germ. 147. 
250 |a 1st ed. 
264 1 |a Basel/Berlin/Boston :  |b Walter de Gruyter GmbH,  |c 1999. 
264 4 |c {copy}1997. 
300 |a 1 online resource (152 pages) 
336 |a text  |b txt  |2 rdacontent 
337 |a computer  |b c  |2 rdamedia 
338 |a online resource  |b cr  |2 rdacarrier 
490 1 |a Deutsche Texte des Mittelalters Series ;  |v v.80 
588 |a Description based on publisher supplied metadata and other sources. 
590 |a Electronic reproduction. Ann Arbor, Michigan : ProQuest Ebook Central, 2024. Available via World Wide Web. Access may be limited to ProQuest Ebook Central affiliated libraries.  
655 4 |a Electronic books. 
700 1 |a Wegge, Klaudia. 
776 0 8 |i Print version:  |a Steinhoff, Hans-Hugo  |t Lancelot IV: Namen- und Figurenregister  |d Basel/Berlin/Boston : Walter de Gruyter GmbH,c1999 
797 2 |a ProQuest (Firm) 
830 0 |a Deutsche Texte des Mittelalters Series 
856 4 0 |u https://ebookcentral.proquest.com/lib/matrademy/detail.action?docID=31281586  |z Click to View